| 000 | 00489nam a2200169Ia 4500 | ||
|---|---|---|---|
| 003 | GCL | ||
| 008 | 140319s9999 xx 000 0 ara d | ||
| 040 |
_aGCL / _cGCL |
||
| 082 | 0 | 4 |
_a810.9 _bع ق |
| 100 | 1 | _aعلى شلش | |
| 245 | 1 | 0 |
_aقضايا ومسائل فى الادب والفن / _cعلى شلش |
| 300 | _a258 ص | ||
| 490 |
_aكتاب الاذاعة والتليفزيون _v0 |
||
| 650 | 0 | 4 | _aالادب العربى |
| 650 | 0 | 4 | _aالنقد الادبى |
| 942 |
_2ddc _cBK |
||
| 999 |
_c47506 _d47506 |
||